Dream SMP Quiz - Statistics

General Stats
  • This quiz has been taken 317 times
  • The average score is 15 of 16
Answer Stats
Hint Answer % Correct
The person who created the SMP Dream
100%
The loud child Tommy
100%
The British guy who writes and signs music Wilbur
100%
The British best friend of the above George
99%
The guy who likes bees Tubbo
99%
The best friend of the diamond block Badboyhalo
98%
The furry Fundy
98%
The dad of the group Philza
98%
The Texas best friend of number 1 Sapnap
98%
The guy with a diamond block skin Skeppy
98%
The other partner of number 3 (also likes the drugs) Quackity
95%
The anarchist of the group Technoblade
95%
The traitor of l'manburg Eret
94%
The guy that died from a heart attack Jschlatt
91%
One of the partners of number 3 Karl
86%
The one that saw the TNT before wilbur blew up l'manburg Nihachu
54%
No matching quizzes found
Score Distribution
Percent of People with Each Score
Percentile by Number Answered
Your Score History
You have not taken this quiz